LEADER 01192nam a2200277 i 4500 001 000000079271 003 CaOOAMICUS 005 20170406000000.0 008 170406s2003 it u000 u ita u 013 $a51508 020 $a88-399-2248-2 040 $aSeMil$bita 100 1 $aGrün, Anselm,$c.$0(OLS)http://semarc/name/91193 240 14$aDer Weg durch die Wüste : 40 Weisheitssprüche der Wüstenväter.$0(OLS)http://semarc/title/403262 245 13$aLa via del deserto :$b40 detti dei Padri del deserto /$cAnselm Grün. 260 $aBrescia :$bQueriniana,$c2003. 300 $a145 p. ;$c20 cm. 490 0 $aMeditazioni ;$v168 650 4$aPadri del deserto . Detti.$0(OLS)http://semarc/subject/18889 830 0$aMeditazioni ;$v168.$0(OLS)http://semarc/title/6156 850 $aSeMil 852 $aSeMil$W1$xVenegono$y1$m3F V 271$j45009$B45009$CSeMilBibl$Z2$F46867 $81 961 $aLascito: Coronelli don Renato 996 $6020$a88-399-2248-2$9(OLS)http://semarc/number/270458 996 $6245$aLa via del deserto :$b40 detti dei Padri del deserto$9(OLS)http://semarc/title/403261 996 $6260$aBrescia :$bQueriniana$9(OLS)http://semarc/publisher/29615 LEADER 00569naa a2200145 i 4500 001 000000302953 003 CaOOAMICUS 005 20180831172751.0 008 180831n xx u000 u und u 013 $a10687 040 $aSeMil$bita 100 1 $aRuggeri, Carissimo.$0(OLS)http://semarc/name/32053 245 12$aL'oratorio filippino della pace. 773 0 $tSpiritualità bresciana dalla Restaurazione al primo Novecento.$dBrescia : CE.DOC, Centro di Documentazione, copyr. 1989.$z88-372-1409-X$w()36815 996 $6245$aL'oratorio filippino della pace$9(OLS)http://semarc/title/378915